000 00468nam a22001577a 4500
005 20180307132757.0
008 170809b xxu||||| |||| 00| 0 eng d
020 _a9789698475239
040 _cPK-LaUMT
082 _aZIAC 297.082
_bABD-A
100 _aAbdul Hakim Muhammad
245 _aAzadi e niswan , ahde Risalat mein/
_cAbdul Hakim Muhammad
260 _aاسلام آباد:
_bاسلامی نظریاتی کونسل،
_c2007
300 _a300 ص
942 _cBK
999 _c96761
_d96761